| 000 | | | 04436nac2a22003013x 450 |
| 001 | | | ed6655cd-232e-4c25-977c-5ad9db9fdb32 |
| 005 | | | 20211210120054.0 |
| 100 | ## | $a | 20211120l19121912k y0rusy50 ca |
| 101 | 0# | $a | rus |
| 102 | ## | $a | RU |
| 105 | ## | $a | y z ||||| |
| 122 | 2# | $a | d19120601 |
| | $a | d19120814 |
| 200 | 1# | $a | Шейдлина Е. О неурядицах во Франции "Союза 17 Октября", о плохой погоде и плохих видах на урожай |
| | $j | 01 июня 1912 - 14 августа 1912 |
| 215 | ## | $a | 4 листа |
| 251 | ## | $c | Дело |
| 300 | ## | $a | Заголовок дела на папке: Письмо Шейдлина Е. - Звегинцеву Ал. Ив. (О неурядицах во фракции и о плохих видах на урожай) |
| 300 | ## | $a | На папке дела: 14 августа 1912 г. |
| 300 | ## | $a | Рукописный текст |
| 330 | ## | $a | Входит в раздел описи: 1. Письма к А. И. Звегинцову. 2/ Письма по служебной деятельности А. И. Звегинцова |
| 461 | #0 | $1 | 001fc48e33c-c630-4015-85dd-2f2aab656f45 |
| | $1 | 2001 |
| | $a | Звегинцев Александр Иванович, помещик Воронежской губернии, депутат III Государственной думы, член партии "Союз 17 октября" |
| | $1 | 251 |
| | $c | Фонд |
| | $1 | 852 |
| | $j | 932 |
| 462 | #0 | $1 | 001ddcf82e7-7bd9-4c5e-b7f1-85df8b3febb3 |
| | $1 | 2001 |
| | $a | Дела постоянного хранения. 1899-1913 гг. |
| | $v | Д. 389 |
| | $1 | 251 |
| | $c | Опись |
| | $1 | 852 |
| | $j | 1 |
| 517 | 1# | $a | Письмо Шейдлина Е. - Звегинцеву Ал. Ив. (О неурядицах во фракции и о плохих видах на урожай) |
| 600 | #1 | $a | Звегинцев |
| | $b | А. И. |
| | $g | Александр Иванович |
| 600 | #1 | $a | Шейдлин |
| | $b | Е. |
| 601 | 02 | $3 | RU\NLR\AUTH\889942787 |
| | $a | Союз 17 октября |
| 801 | #0 | $a | RU |
| | $b | GA_RF |
| 801 | #1 | $a | RU |
| | $b | ГлавНИВЦ |
| | $c | 20211120 |
| | $2 | rusmarc |
| 801 | #2 | $a | RU |
| | $b | ПБ им. Б.Н. Ельцина |
| | $c | 20211210 |
| | $g | RCR |
| | $2 | rusmarc |
| 852 | ## | $a | ГА РФ |
| | $j | 389 |
| 937 | ## | $d | 171410142 |
| | $h | ГАРФ |
| 035 | ## | $a | RuPRLIB51062631 |
| 856 | ## | $u | http://readingroom.main.prlib.ru/item.aspx?id_node=n171410142&mode=full |